000 00246nam a22001097a 4500
082 _a030
_bWOR/Y-6
245 _aWORLD BOOK'S: YOUNG SCIENTIST
260 _aCHICAGO
_bWORLD BOOK
300 _a127
650 _aGENERAL KNOWLEDGE
_zCHICAGO
942 _cBK
999 _c2192
_d2192